[Event "16th EUR-ch"]
[Site "Jerusalem ISR"]
[Date "2015.03.06"]
[Round "10"]
[White "Slavin, Alexey"]
[Black "Kovalev, Vladislav"]
[Result "1/2-1/2"]
[WhiteElo "2391"]
[BlackElo "2531"]
[EventDate "2015.02.24"]
[PlyCount "97"]

1.d4 Nf6 2.Nf3 g6 3.c4 Bg7 4.Nc3 O-O 5.e4 d6 6.h3 a6 7.Be3 Nbd7 8.Nd2 c6 
9.a4 e5 10.d5 a5 11.Be2 Nc5 12.Bxc5 dxc5 13.Qb3 Ne8 14.O-O-O Nd6 15.Qa3 
Qb6 16.Nb3 Rd8 17.Kc2 Qb4 18.Nxc5 Bf8 19.Nd3 Qxa3 20.bxa3 Nxc4 21.Kb3 Nd6 
22.Nxe5 Re8 23.Nc4 Nxe4 24.Nxe4 Rxe4 25.Bf3 Rf4 26.Nb6 Rb8 27.Nxc8 Rxc8 
28.Rc1 Rb8 29.Rhd1 h5 30.Rd3 h4 31.Rc4 Rxc4 32.Kxc4 b5+ 33.Kb3 b4 34.d6 
bxa3+ 35.Ka2 c5 36.d7 c4 37.d8=Q Rb2+ 38.Ka1 cxd3 39.Qxd3 Bg7 40.Qxa3 Rb3+
41.Ka2 Rxa3+ 42.Kxa3 Bd4 43.Kb3 Kg7 44.Kc4 Bxf2 45.Kd3 f5 46.Ke2 Bb6 47.
Bc6 Kf6 48.Be8 g5 49.Kf3 1/2-1/2

[Event "16th EUR-ch"]
[Site "Jerusalem ISR"]
[Date "2015.03.06"]
[Round "10"]
[White "Abasov, Nijat"]
[Black "Mikaelyan, Arman"]
[Result "1/2-1/2"]
[WhiteElo "2523"]
[BlackElo "2418"]
[EventDate "2015.02.24"]
[PlyCount "80"]

1.e4 e5 2.Nf3 Nc6 3.Bb5 Nf6 4.d3 Bc5 5.Nbd2 d6 6.c3 a6 7.Bxc6+ bxc6 8.O-O 
O-O 9.Re1 Re8 10.h3 Bb6 11.b3 d5 12.Bb2 Nd7 13.Qc2 a5 14.d4 exd4 15.cxd4 
Bb7 16.Ba3 Qf6 17.e5 Qg6 18.Qc3 Nf8 19.Nh4 Qh6 20.Ndf3 Bc8 21.g4 a4 22.b4 
Qe6 23.Ng5 Qh6 24.Ngf3 Qe6 25.Bc1 h6 26.a3 Ng6 27.Nxg6 fxg6 28.Nh2 g5 29.
Be3 Rf8 30.Rac1 Bd7 31.Qd2 Rf7 32.Rc3 Raf8 33.Kg2 Kh8 34.f3 Be8 35.Rec1 
Bd7 36.Re1 Be8 37.Rf1 Bd7 38.Rfc1 Kg8 39.Re1 Kh8 40.Rd1 Kg8 1/2-1/2

[Event "16th EUR-ch"]
[Site "Jerusalem ISR"]
[Date "2015.03.06"]
[Round "10"]
[White "Kraus, Ohad"]
[Black "Mikhalevski, Victor"]
[Result "1-0"]
[WhiteElo "2190"]
[BlackElo "2559"]
[EventDate "2015.02.24"]
[PlyCount "121"]

1.d4 Nf6 2.c4 g6 3.Nc3 d5 4.Bf4 Bg7 5.e3 O-O 6.Rc1 c5 7.dxc5 Be6 8.Nf3 Nc6
9.Be2 Ne4 10.Nd4 Nxc3 11.bxc3 dxc4 12.Nxe6 Qxd1+ 13.Kxd1 fxe6 14.Kc2 Rf5 
15.Rb1 Nd8 16.c6 Nxc6 17.Rxb7 Kf7 18.a4 Rc8 19.Rb5 Na5 20.Rhb1 Nb3 21.Rb4 
Rfc5 22.Rd1 Bf6 23.Rd7 Rd5 24.Rxd5 exd5 25.Rb7 Nc5 26.Rxa7 Ne4 27.Bg4 Rc5 
28.Bc7 Nxc3 29.Bd7 d4 30.exd4 Rd5 31.Bc6 Rxd4 32.Kxc3 Rd6+ 33.Kxc4 Rxc6+ 
34.Kb5 Rc2 35.Bb6 Be5 36.Bc5 Rb2+ 37.Kc6 Rc2 38.Rxe7+ Kf6 39.Rxe5 Kxe5 40.
a5 Ra2 41.Bb6 g5 42.Kb7 Ke4 43.a6 Kd3 44.a7 Ke2 45.a8=Q Rxa8 46.Kxa8 Kf1 
47.g4 Kg2 48.Be3 Kxh2 49.f4 gxf4 50.Bxf4+ Kg2 51.g5 Kf3 52.Bc1 Ke4 53.Kb7 
Kd5 54.Kc7 Ke6 55.Kc6 Ke7 56.Kd5 Kf7 57.Ke5 Kg6 58.Ke6 Kg7 59.Kf5 Kf7 60.
Kg4 Kg6 61.Kh4 1-0

[Event "16th EUR-ch"]
[Site "Jerusalem ISR"]
[Date "2015.03.06"]
[Round "10"]
[White "Georgiev, Kiril"]
[Black "Usmanov, Vasily"]
[Result "1/2-1/2"]
[WhiteElo "2623"]
[BlackElo "2414"]
[EventDate "2015.02.24"]
[PlyCount "116"]

1.d4 Nf6 2.Nf3 e6 3.c4 Bb4+ 4.Bd2 Qe7 5.g3 Bxd2+ 6.Qxd2 Nc6 7.Nc3 d5 8.Ne5
dxc4 9.Nxc4 O-O 10.Bg2 Rd8 11.e3 e5 12.d5 e4 13.O-O Bg4 14.Qc2 Nb4 15.Qb3 
Nbxd5 16.Nxd5 Rxd5 17.Qxb7 Rad8 18.Rfc1 Qd7 19.Qb3 Bh3 20.Bh1 Qf5 21.Qc2 
Qh5 22.Re1 Bg4 23.Bxe4 Bd1 24.Qb1 Nxe4 25.Qxe4 g5 26.Ne5 g4 27.Qf4 R8d6 
28.e4 Qxe5 29.Qxe5 Rxe5 30.Raxd1 Rxd1 31.Rxd1 Rxe4 32.Rc1 Re2 33.Rxc7 Rxb2
34.Rxa7 Rb1+ 35.Kg2 Kg7 36.h3 h5 37.a4 Ra1 38.a5 Kg6 39.a6 Kf6 40.Ra8 Kg7 
41.Ra7 Kf6 42.Ra8 Kg7 43.h4 Kh7 44.f4 Kg7 45.a7 Ra2+ 46.Kf1 Kh7 47.Ke1 Kg7
48.Kd1 Kf6 49.Kc1 Ra5 50.Kc2 Ra6 51.Kb3 Kg7 52.Kb4 Ra1 53.Kc5 Rc1+ 54.Kd6 
Rd1+ 55.Ke5 Ra1 56.Kf5 Ra5+ 57.Ke4 Ra4+ 58.Kd5 Ra1 1/2-1/2

[Event "16th EUR-ch"]
[Site "Jerusalem ISR"]
[Date "2015.03.06"]
[Round "10"]
[White "Timofeev, Artyom"]
[Black "Kobo, Ori"]
[Result "1/2-1/2"]
[WhiteElo "2564"]
[BlackElo "2410"]
[EventDate "2015.02.24"]
[PlyCount "99"]

1.d4 Nf6 2.c4 g6 3.g3 c5 4.Nf3 Bg7 5.Bg2 O-O 6.O-O cxd4 7.Nxd4 d5 8.Na3 
Nc6 9.cxd5 Nxd5 10.Nxc6 bxc6 11.Qa4 Qb6 12.e4 Nc7 13.Be3 Qa6 14.Qb4 Be6 
15.Bd4 Rab8 16.Qc3 Bxd4 17.Qxd4 Qb6 18.Qxb6 axb6 19.Rfc1 c5 20.b4 cxb4 21.
Nc2 Na6 22.Rcb1 Rfc8 23.Nxb4 Nxb4 24.Rxb4 Ra8 25.h4 Rxa2 26.Rxa2 Bxa2 27.
Rxb6 Rc1+ 28.Kh2 Rc2 29.f4 Bc4 30.Rc6 h5 31.Rc5 Bd3 32.Rxc2 Bxc2 33.e5 Kg7
34.Bd5 f6 35.exf6+ Kxf6 36.Kg2 e5 37.Kf3 exf4 38.Kxf4 g5+ 39.hxg5+ Kg7 40.
Be4 Ba4 41.g6 Kf6 42.g7 Kxg7 43.Kg5 h4 44.gxh4 Bc2 45.Bxc2 Kh8 46.h5 Kg7 
47.h6+ Kh8 48.h7 Kg7 49.Kh5 Kh8 50.Kh6 1/2-1/2

[Event "16th EUR-ch"]
[Site "Jerusalem ISR"]
[Date "2015.03.06"]
[Round "10"]
[White "Ferreira, Jorge Viterbo"]
[Black "Oparin, Grigoriy"]
[Result "0-1"]
[WhiteElo "2427"]
[BlackElo "2551"]
[EventDate "2015.02.24"]
[PlyCount "76"]

1.d4 Nf6 2.c4 e6 3.Nc3 Bb4 4.Qc2 O-O 5.Nf3 c5 6.dxc5 Na6 7.g3 Nxc5 8.Bg2 
b6 9.O-O Bb7 10.Bf4 Nce4 11.Nxe4 Bxe4 12.Qa4 Be7 13.Rfd1 Qc8 14.Ne1 Qb7 
15.Bd6 Bxd6 16.Rxd6 Rfc8 17.Rad1 Rc5 18.R6d4 Bxg2 19.Nxg2 b5 20.Qb4 Rac8 
21.Ne3 a5 22.Qb3 Qb8 23.R1d2 h5 24.Rc2 a4 25.Qb4 d5 26.b3 e5 27.Rd1 d4 28.
Nf5 Qc7 29.Rdc1 axb3 30.axb3 g6 31.Nh4 Nd5 32.Qd2 Nc3 33.Nf3 bxc4 34.bxc4 
Rxc4 35.Kg2 Qe7 36.e3 Qb7 37.exd4 e4 38.Qe3 Nd1 0-1

[Event "16th EUR-ch"]
[Site "Jerusalem ISR"]
[Date "2015.03.06"]
[Round "10"]
[White "Deac, Bogdan-Daniel"]
[Black "Indjic, Aleksandar"]
[Result "1/2-1/2"]
[WhiteElo "2402"]
[BlackElo "2546"]
[EventDate "2015.02.24"]
[PlyCount "65"]

1.e4 c5 2.Nf3 Nc6 3.d4 cxd4 4.Nxd4 Nf6 5.Nc3 d6 6.Bg5 Bd7 7.f4 Qb6 8.Nb3 
Ng4 9.Qe2 Nd4 10.Qd2 Ne3 11.Nxd4 Qxd4 12.Bh4 Qxd2+ 13.Kxd2 Nxf1+ 14.Rhxf1 
e6 15.a4 Be7 16.Bxe7 Kxe7 17.Rf3 Rac8 18.Rd3 a6 19.Rd4 Rhd8 20.Ke3 Bc6 21.
a5 g6 22.g4 Be8 23.Rb4 Rd7 24.Ra3 Rdc7 25.Rab3 Bc6 26.Rd4 f5 27.gxf5 gxf5 
28.exf5 exf5 29.Ne2 Bb5 30.Nc3 Bc6 31.Ne2 Bb5 32.Nc3 Bc6 33.Ne2 1/2-1/2

[Event "16th EUR-ch"]
[Site "Jerusalem ISR"]
[Date "2015.03.06"]
[Round "10"]
[White "Reshef, Omer"]
[Black "Boruchovsky, Avital"]
[Result "0-1"]
[WhiteElo "2402"]
[BlackElo "2536"]
[EventDate "2015.02.24"]
[PlyCount "112"]

1.e4 c5 2.Nf3 d6 3.c3 Nf6 4.Bd3 Nc6 5.Bc2 Bg4 6.h3 Bxf3 7.Qxf3 e6 8.O-O d5
9.d3 Be7 10.Qe2 Qb6 11.Nd2 O-O-O 12.Nf3 h6 13.a3 Qa6 14.Re1 g5 15.e5 Nd7 
16.d4 Qxe2 17.Rxe2 cxd4 18.cxd4 Kb8 19.b3 Rc8 20.Bb2 Nb6 21.Rc1 a5 22.a4 
Nb4 23.Bb1 Rxc1+ 24.Bxc1 Rc8 25.Bb2 Rc7 26.Ne1 Nc8 27.Nd3 Na7 28.Nxb4 Bxb4
29.Rc2 Nc6 30.g3 Be7 31.Kg2 f6 32.f4 gxf4 33.gxf4 f5 34.Kf3 Ba3 35.Ba1 Rg7
36.Rg2 Rxg2 37.Kxg2 Bc1 38.Kf3 Ne7 39.Bc3 b6 40.b4 axb4 41.Bxb4 Ng6 42.Bd3
Nxf4 43.Ba6 Nxh3 44.Bd6+ Ka7 45.Bc8 Ng5+ 46.Kg2 Bb2 47.Be7 Kb8 48.Bxg5 
Kxc8 49.Be3 Kb7 50.Kg3 Ka6 51.Kh4 Ka5 52.Kh5 Kxa4 53.Kg6 b5 54.Kf6 b4 55.
Kxe6 b3 56.Kxd5 Ba3 0-1

[Event "16th EUR-ch"]
[Site "Jerusalem ISR"]
[Date "2015.03.06"]
[Round "10"]
[White "Faizrakhmanov, Ramil"]
[Black "Baron, Tal"]
[Result "1/2-1/2"]
[WhiteElo "2371"]
[BlackElo "2510"]
[EventDate "2015.02.24"]
[PlyCount "115"]

1.d4 Nf6 2.c4 e6 3.Nf3 d5 4.Nc3 dxc4 5.Qa4+ Nbd7 6.Qxc4 a6 7.e4 b5 8.Qd3 
Bb7 9.e5 Nd5 10.a4 Nxc3 11.bxc3 c5 12.Be2 cxd4 13.cxd4 b4 14.a5 Be7 15.O-O
O-O 16.Nd2 Bd5 17.Nc4 Rc8 18.Ne3 Bb7 19.Bb2 Nb8 20.f4 Nc6 21.f5 Nxe5 22.
dxe5 Bc5 23.Bc1 Qxd3 24.Bxd3 Bd4 25.fxe6 fxe6 26.Bd2 Bxa1 27.Rxa1 Rcd8 28.
Bxb4 Rxd3 29.Bxf8 Rxe3 30.Rb1 Kxf8 31.Rxb7 Rxe5 32.Rb6 Rxa5 33.Rxe6 Ra2 
34.h4 Kf7 35.Rb6 Ra4 36.h5 h6 37.Kf2 a5 38.Kf3 Rb4 39.Ra6 a4 40.g4 Rc4 41.
Ra7+ Kf6 42.Kg3 Rb4 43.Kh4 Rd4 44.Kg3 Rb4 45.Kh4 Rc4 46.Ra6+ Ke5 47.Ra7 
Ke4 48.Rxg7 Kf3 49.Kh3 a3 50.Rf7+ Ke4 51.g5 Ra4 52.Rf1 Ra5 53.gxh6 Rxh5+ 
54.Kg4 Rxh6 55.Rf4+ Ke5 56.Ra4 Rg6+ 57.Kh3 Rg8 58.Rxa3 1/2-1/2

[Event "16th EUR-ch"]
[Site "Jerusalem ISR"]
[Date "2015.03.06"]
[Round "10"]
[White "Golubov, Saveliy"]
[Black "Raznikov, Danny"]
[Result "0-1"]
[WhiteElo "2362"]
[BlackElo "2494"]
[EventDate "2015.02.24"]
[PlyCount "96"]

1.e4 c5 2.Nf3 d6 3.d4 cxd4 4.Nxd4 Nf6 5.Nc3 a6 6.Be2 e5 7.Nb3 Be7 8.O-O 
O-O 9.Re1 Be6 10.Bf3 Nbd7 11.a4 Qb8 12.Nd2 Bd8 13.a5 b5 14.axb6 Bxb6 15.
Nf1 Rc8 16.g4 Nf8 17.g5 N6d7 18.Ne3 Bxe3 19.Rxe3 Ng6 20.Nd5 Bxd5 21.exd5 
f5 22.gxf6 Nxf6 23.Be2 Qb7 24.c4 Nf4 25.Rea3 Rf8 26.Bf1 Ne4 27.Qc2 Ng5 28.
Rg3 h6 29.Bg2 Rac8 30.h4 Nh7 31.b3 Nf6 32.Qd1 N6h5 33.Rg4 Rf7 34.Ba3 Qb6 
35.Ra2 Nxg2 36.Rxg2 Nf4 37.Rg3 Rcf8 38.Kh2 Rf5 39.Qg4 R8f7 40.Bc1 h5 41.
Qd1 Qd8 42.Bxf4 Qxh4+ 43.Kg2 Qxf4 44.Qe2 h4 45.Rd3 e4 46.Re3 Qg5+ 47.Kf1 
Rxf2+ 48.Qxf2 Qxe3 0-1

[Event "16th EUR-ch"]
[Site "Jerusalem ISR"]
[Date "2015.03.06"]
[Round "10"]
[White "Neverov, Valeriy"]
[Black "Soltanici, Ruslan"]
[Result "1-0"]
[WhiteElo "2485"]
[BlackElo "2350"]
[EventDate "2015.02.24"]
[PlyCount "73"]

1.d4 Nf6 2.c4 e6 3.Nf3 b6 4.a3 Ba6 5.Qc2 Bb7 6.Nc3 c5 7.dxc5 Bxc5 8.Bg5 
Be7 9.e3 d6 10.Rd1 a6 11.Be2 O-O 12.O-O Nbd7 13.Bf4 Qc7 14.Qd2 Ne8 15.e4 
Rc8 16.Rfe1 Ne5 17.Nxe5 dxe5 18.Be3 Nf6 19.f3 Rfd8 20.Qc1 Bc5 21.b4 Bd4 
22.Bf1 Bc6 23.Bxd4 exd4 24.e5 Nd7 25.Rxd4 Nxe5 26.Qe3 Nd7 27.Red1 Nf6 28.
Qd2 Re8 29.Qf2 Rb8 30.Qg3 Qxg3 31.hxg3 Rec8 32.g4 h6 33.Kf2 Kf8 34.Be2 Ke7
35.Ke3 Be8 36.Ne4 Nxe4 37.Kxe4 1-0

[Event "16th EUR-ch"]
[Site "Jerusalem ISR"]
[Date "2015.03.06"]
[Round "10"]
[White "Ducarmon, Quinten"]
[Black "Veinberg, Nimrod"]
[Result "1/2-1/2"]
[WhiteElo "2482"]
[BlackElo "2350"]
[EventDate "2015.02.24"]
[PlyCount "72"]

1.e4 e5 2.Nf3 Nc6 3.Bc4 Bc5 4.O-O Nf6 5.d3 d6 6.c3 O-O 7.Nbd2 a6 8.Bb3 Ba7
9.h3 Nh5 10.Nxe5 dxe5 11.Qxh5 Qxd3 12.Nf3 Qd6 13.Be3 Qg6 14.Qxg6 hxg6 15.
Bxa7 Rxa7 16.Rad1 Ra8 17.Rd2 Kh8 18.Rfd1 f6 19.Ne1 b6 20.f3 Kh7 21.Kf2 Na5
22.Rd8 Rxd8 23.Rxd8 Nxb3 24.axb3 Bb7 25.Rd7 Rc8 26.Nc2 Bc6 27.Rd2 a5 28.b4
Kg8 29.bxa5 bxa5 30.Ne3 Kf7 31.Nd5 Ke6 32.Ke2 Bxd5 33.Rxd5 Rb8 34.Rd2 a4 
35.Kd1 Ra8 36.Kc2 a3 1/2-1/2

[Event "16th EUR-ch"]
[Site "Jerusalem ISR"]
[Date "2015.03.06"]
[Round "10"]
[White "Shevelev, Arkady"]
[Black "Batsiashvili, Nino"]
[Result "0-1"]
[WhiteElo "2285"]
[BlackElo "2475"]
[EventDate "2015.02.24"]
[PlyCount "106"]

1.e4 c6 2.d4 d5 3.exd5 cxd5 4.Bd3 Nc6 5.c3 Qc7 6.Ne2 e5 7.dxe5 Nxe5 8.Bb5+
Bd7 9.Bxd7+ Qxd7 10.Nd4 Nf6 11.Qe2 O-O-O 12.O-O Re8 13.h3 g5 14.Qb5 Qxb5 
15.Nxb5 a6 16.Nd4 Rg8 17.f4 gxf4 18.Bxf4 Nd3 19.Nd2 Nxb2 20.Bh2 Be7 21.
N2b3 Nc4 22.Nf5 Bd8 23.Nbd4 Ne4 24.Kh1 Rg6 25.Ne2 Bb6 26.Nf4 Nf2+ 27.Rxf2 
Bxf2 28.Nxg6 fxg6 29.Rf1 Be1 30.Nd6+ Nxd6 31.Bxd6 Bxc3 32.Rf7 Re1+ 33.Kh2 
Be5+ 34.Bxe5 Rxe5 35.Rxh7 d4 36.Rh4 Rd5 37.Re4 Kc7 38.Kg3 d3 39.Re1 Ra5 
40.Rd1 Rxa2 41.Rxd3 b5 42.Rf3 Kc6 43.Kh4 a5 44.Rg3 b4 45.Rxg6+ Kc5 46.Rg8 
b3 47.Rc8+ Kd6 48.g4 Ra4 49.Rc1 b2 50.Rb1 Rb4 51.Kh5 a4 52.g5 a3 53.g6 Rb7
0-1

[Event "16th EUR-ch"]
[Site "Jerusalem ISR"]
[Date "2015.03.06"]
[Round "10"]
[White "Bakalchuk, Johnatan"]
[Black "Chekhov, Sergei"]
[Result "0-1"]
[WhiteElo "2272"]
[BlackElo "2470"]
[EventDate "2015.02.24"]
[PlyCount "84"]

1.e4 c5 2.Nf3 e6 3.g3 Nc6 4.Bg2 Nf6 5.d3 d5 6.Qe2 Be7 7.O-O O-O 8.e5 Nd7 
9.c4 Nb6 10.b3 a5 11.Nc3 a4 12.Rb1 Nb4 13.Rd1 axb3 14.axb3 Bd7 15.h4 Bc6 
16.h5 d4 17.Ne4 Nd7 18.h6 g6 19.Bh3 Qc7 20.Bf4 Ra2 21.Rd2 Rfa8 22.Rbd1 
Rxd2 23.Nfxd2 Qd8 24.Nd6 Ra2 25.Bg2 Bxg2 26.Kxg2 Nc6 27.Qe4 Bxd6 28.exd6 
e5 29.Re1 Ra8 30.Qd5 exf4 31.Ne4 f3+ 32.Kg1 Qf8 33.Ng5 Re8 34.Rxe8 Qxe8 
35.Qxf3 Nd8 36.g4 Qe5 37.Ne4 f6 38.Qd1 Qf4 39.Qa1 Qxg4+ 40.Kf1 Kf7 41.Qa5 
Ne6 42.Qa8 Nf4 0-1

[Event "16th EUR-ch"]
[Site "Jerusalem ISR"]
[Date "2015.03.06"]
[Round "10"]
[White "Battaglini, Gabriel"]
[Black "Gershkowich, David"]
[Result "1/2-1/2"]
[WhiteElo "2460"]
[BlackElo "2227"]
[EventDate "2015.02.24"]
[PlyCount "116"]

1.d4 Nf6 2.c4 e6 3.Nc3 Bb4 4.e3 O-O 5.a3 Bxc3+ 6.bxc3 c5 7.Bd3 b6 8.e4 Bb7
9.f3 Ne8 10.Ne2 Nc6 11.O-O Ba6 12.Be3 Na5 13.dxc5 Nxc4 14.Bxc4 Bxc4 15.
cxb6 axb6 16.Rf2 Qc7 17.Nd4 d5 18.exd5 Bxd5 19.Nb5 Qc6 20.Rb2 Nf6 21.Qd4 
Nd7 22.Rd1 Rfd8 23.Rb4 Qc5 24.Qf4 Qe7 25.c4 e5 26.Qg3 Be6 27.h4 Nc5 28.
Rxd8+ Qxd8 29.Bh6 Qf6 30.Bg5 Qg6 31.Nc7 Rxa3 32.Rxb6 h6 33.Nd5 Kh7 34.Ne7 
Qd3 35.Bf6 Qd4+ 36.Kh2 Qf4 37.Bxe5 Qxg3+ 38.Bxg3 Ra4 39.Bd6 Rxc4 40.Bg3 
Rc2 41.Rc6 Rc4 42.Rb6 Rc2 43.Rb5 Nb3 44.Nf5 g6 45.Ne3 Re2 46.Re5 Nd4 47.
Kg1 Ra2 48.Re4 Ne2+ 49.Kh2 Nxg3 50.Kxg3 Kg7 51.Kf4 Kf6 52.g4 g5+ 53.Kg3 
Rd2 54.h5 Ra2 55.Rb4 Re2 56.Re4 Ra2 57.Rd4 Ke5 58.Re4+ Kf6 1/2-1/2

[Event "16th EUR-ch"]
[Site "Jerusalem ISR"]
[Date "2015.03.06"]
[Round "10"]
[White "Makhmutov, Rail"]
[Black "Zalkind, Konstantin"]
[Result "1-0"]
[WhiteElo "2448"]
[BlackElo "2222"]
[EventDate "2015.02.24"]
[PlyCount "177"]

1.d4 Nf6 2.c4 e6 3.Nf3 Bb4+ 4.Bd2 Qe7 5.g3 O-O 6.Bg2 Bxd2+ 7.Qxd2 d6 8.Nc3
Nbd7 9.O-O e5 10.e4 c5 11.dxc5 Nxc5 12.Rfe1 Be6 13.b3 Rfd8 14.Nh4 Rac8 15.
Rad1 a6 16.Bf1 Qc7 17.Rc1 Qb8 18.f3 b5 19.b4 Na4 20.Nxa4 bxa4 21.a3 a5 22.
Ng2 axb4 23.axb4 Qb6+ 24.Ne3 Ra8 25.Ra1 a3 26.Reb1 Ra4 27.Kg2 Rda8 28.Ra2 
Ne8 29.Rb3 Nc7 30.Qc3 Qd4 31.Qxd4 exd4 32.Nd5 Nxd5 33.cxd5 Bd7 34.b5 Kf8 
35.b6 Ke7 36.Bd3 Kd8 37.f4 f6 38.Kf3 Ke7 39.g4 Rb8 40.h4 h6 41.f5 Rb7 42.
Kf4 Kf7 43.Rb1 Ra8 44.Rb4 Ra5 45.Kf3 Ke7 46.Ke2 Ra8 47.Kf3 Ra5 48.Kf4 Kf7 
49.g5 hxg5+ 50.hxg5 Ra8 51.g6+ Ke7 52.Kf3 Rab8 53.Rxa3 Rxb6 54.Rxd4 Rb2 
55.Rc4 R2b3 56.Rc3 Rxc3 57.Rxc3 Rc8 58.Ra3 Rb8 59.Ke3 Kd8 60.Ra7 Ke7 61.
Kd4 Kd8 62.Bc2 Rb4+ 63.Kc3 Rb8 64.Ba4 Bxa4 65.Rxa4 Kc7 66.Ra1 Kb6 67.Rb1+ 
Kc7 68.Rh1 Kb6 69.Kd4 Ra8 70.Rh7 Rg8 71.Ke3 Kc7 72.Kf4 Kd7 73.Kg4 Ke7 74.
Rh1 Rc8 75.Kf4 Kd7 76.Rh2 Ke7 77.Ra2 Kd7 78.Ra3 Rc7 79.Ke3 Rc8 80.Kd4 Rc7 
81.Rh3 Rc8 82.Rh7 Rg8 83.Kc4 Kc7 84.Rh2 Re8 85.Re2 Kd7 86.Kb5 Rb8+ 87.Ka6 
Rb4 88.Rh2 Rxe4 89.Rh7 1-0

[Event "16th EUR-ch"]
[Site "Jerusalem ISR"]
[Date "2015.03.06"]
[Round "10"]
[White "Kantsler, Boris"]
[Black "Chuvnik, Mordechai"]
[Result "1-0"]
[WhiteElo "2435"]
[BlackElo "2189"]
[EventDate "2015.02.24"]
[PlyCount "77"]

1.Nf3 Nf6 2.g3 g6 3.b3 c5 4.c4 d5 5.cxd5 Qxd5 6.Nc3 Qh5 7.h3 Bg7 8.Bg2 Qf5
9.Ba3 Na6 10.Rc1 O-O 11.Na4 Ne4 12.d3 Nd6 13.O-O Nb5 14.Bxc5 Nxc5 15.Rxc5 
Qd7 16.Qd2 Nd4 17.Nxd4 Qxd4 18.Rfc1 Rb8 19.R5c4 Qd8 20.R4c2 Bf6 21.Nc3 Be5
22.Qg5 Bf6 23.Qh6 Qa5 24.Nd5 Be6 25.Nxf6+ exf6 26.Qf4 Kg7 27.Kh2 b5 28.d4 
b4 29.e4 Rb6 30.d5 Bd7 31.Rc7 Rd8 32.R1c2 Ra6 33.e5 Bf5 34.R2c6 Rxc6 35.
Rxc6 fxe5 36.Qxe5+ Kg8 37.g4 Bb1 38.Qe7 Bxa2 39.Rc7 1-0

[Event "16th EUR-ch"]
[Site "Jerusalem ISR"]
[Date "2015.03.06"]
[Round "10"]
[White "Schnabel, Ralf"]
[Black "Salgado Lopez, Ivan"]
[Result "0-1"]
[WhiteElo "2223"]
[BlackElo "2628"]
[EventDate "2015.02.24"]
[PlyCount "99"]

1.e4 c5 2.Nf3 d6 3.d4 cxd4 4.Nxd4 Nf6 5.Nc3 a6 6.Be2 e5 7.Nf3 Be7 8.O-O 
O-O 9.Bg5 Nbd7 10.a4 b6 11.Bc4 Bb7 12.Re1 Qc7 13.Bb3 Rfc8 14.Re2 h6 15.
Bxf6 Nxf6 16.Bd5 Qd7 17.Rd2 Bf8 18.Ra3 Rc5 19.Rb3 Nxd5 20.Nxd5 Bxd5 21.
Rxd5 Qxa4 22.Rxb6 Qxe4 23.Rxc5 dxc5 24.Qd3 Qxd3 25.cxd3 f6 26.Kf1 a5 27.
Nd2 Rd8 28.Ke2 Rd4 29.f3 Rb4 30.Nc4 Rxb6 31.Nxb6 Bd6 32.Kd2 e4 33.dxe4 
Bxh2 34.Kd3 Kf7 35.Kc4 Kg6 36.Kxc5 Kg5 37.Nc4 Kf4 38.Nxa5 Kg3 39.b4 Kxg2 
40.b5 Kxf3 41.Kc6 Bg1 42.Nb3 h5 43.Nc5 h4 44.b6 h3 45.b7 Bh2 46.Na6 Be5 
47.Nc7 Bxc7 48.Kxc7 h2 49.b8=Q h1=Q 50.Qf8 0-1

[Event "16th EUR-ch"]
[Site "Jerusalem ISR"]
[Date "2015.03.06"]
[Round "10"]
[White "Belytsky, Alexandr"]
[Black "Kogan, Artur"]
[Result "1-0"]
[WhiteElo "2227"]
[BlackElo "2555"]
[EventDate "2015.02.24"]
[PlyCount "125"]

1.Nf3 Nf6 2.c4 c5 3.Nc3 d5 4.cxd5 Nxd5 5.g3 g6 6.Bg2 Bg7 7.O-O O-O 8.d4 
Nxc3 9.bxc3 Nc6 10.Be3 Be6 11.dxc5 Bxc3 12.Rb1 Qa5 13.Rxb7 Qa6 14.Rc7 Rad8
15.Qc2 Bf6 16.Rxc6 Qxc6 17.Nd4 Qa6 18.Nxe6 Qxe6 19.c6 Be5 20.Qa4 Rb8 21.
Qxa7 Ra8 22.Qd7 Rxa2 23.Bd5 Qxd7 24.cxd7 Rc2 25.Rd1 Bc7 26.Bg5 Bd6 27.Bb3 
Rb2 28.Bc4 Rbb8 29.e4 Kg7 30.e5 Bc5 31.Rd5 Bb4 32.Rd3 h6 33.Be3 e6 34.Ba7 
Ra8 35.Bb6 Be7 36.Kg2 Rfb8 37.Bc7 Rb4 38.Bxe6 fxe6 39.d8=Q Bxd8 40.Bxd8 
Ra7 41.Bf6+ Kf7 42.h4 Rb2 43.Rf3 Ke8 44.Rd3 Rd7 45.Rf3 Rbd2 46.Bh8 g5 47.
hxg5 hxg5 48.Bf6 g4 49.Rb3 R7d3 50.Rb8+ Kd7 51.Bg5 Rd1 52.Rg8 Kc6 53.Bf4 
Rb1 54.Rxg4 Kd5 55.Rg6 Rb2 56.g4 Rd1 57.Bg3 Rbb1 58.Bh2 Rdc1 59.Rg8 Ke4 
60.Rf8 Rb7 61.Rf6 Kd5 62.g5 Rg7 63.Bf4 1-0

[Event "16th EUR-ch"]
[Site "Jerusalem ISR"]
[Date "2015.03.06"]
[Round "10"]
[White "Murey, Jacob"]
[Black "Marusenko, Petr"]
[Result "1/2-1/2"]
[WhiteElo "2428"]
[BlackElo "2205"]
[EventDate "2015.02.24"]
[PlyCount "97"]

1.c4 f5 2.Nc3 Nf6 3.d4 g6 4.h4 d6 5.Nh3 c6 6.Bg5 Bg7 7.Qd2 e5 8.O-O-O Nbd7
9.Bh6 O-O 10.Bxg7 Kxg7 11.e4 Nxe4 12.Nxe4 fxe4 13.Ng5 Qf6 14.Nxe4 Qf4 15.
f3 exd4 16.Qxf4 Rxf4 17.Rxd4 Nc5 18.Rxd6 Nxe4 19.fxe4 Rxe4 20.Bd3 Re7 21.
h5 Rd7 22.h6+ Kg8 23.Rxd7 Bxd7 24.c5 Be6 25.Re1 Kf7 26.Rf1+ Ke7 27.Rf4 Rd8
28.Bc2 Rd5 29.Rb4 Bc8 30.Re4+ Kf6 31.b4 a5 32.Re8 Bf5 33.Rb8 axb4 34.Bxf5 
gxf5 35.Rxb7 Rxc5+ 36.Kb2 Re5 37.Rxh7 Re2+ 38.Kb3 Rxg2 39.Rc7 f4 40.Rxc6+ 
Kg5 41.h7 Rh2 42.Rc7 Kg6 43.Kxb4 f3 44.Rc3 f2 45.Rf3 Kxh7 46.a4 Kg6 47.a5 
Kg5 48.a6 Rh6 49.Rxf2 1/2-1/2

[Event "16th EUR-ch"]
[Site "Jerusalem ISR"]
[Date "2015.03.06"]
[Round "10"]
[White "Gorodetzky, David"]
[Black "Sipila, Vilka"]
[Result "1/2-1/2"]
[WhiteElo "2210"]
[BlackElo "2425"]
[EventDate "2015.02.24"]
[PlyCount "103"]

1.e4 c5 2.c3 Nf6 3.e5 Nd5 4.d4 cxd4 5.cxd4 d6 6.Nf3 e6 7.Bc4 Nc6 8.O-O Be7
9.exd6 Qxd6 10.Nc3 O-O 11.a3 Rd8 12.Nb5 Qb8 13.Re1 Bf6 14.Qe2 a6 15.Nc3 
Nde7 16.Be3 Nf5 17.d5 Ncd4 18.Bxd4 Nxd4 19.Nxd4 Bxd4 20.dxe6 fxe6 21.Bxe6+
Bxe6 22.Qxe6+ Kh8 23.Re2 Bxc3 24.bxc3 Qc7 25.Re3 h6 26.Rae1 b5 27.g3 Qc5 
28.Qa2 Rf8 29.a4 bxa4 30.Qxa4 a5 31.Qd4 Qf5 32.Re5 Qf6 33.R5e4 Qg6 34.Re6 
Qh7 35.Ra1 Rad8 36.Qe4 Rd2 37.Qxh7+ Kxh7 38.Rf1 Ra8 39.Ra1 a4 40.Kf1 a3 
41.Re2 Rb2 42.c4 Kg6 43.c5 Kf5 44.c6 Rxe2 45.Kxe2 Ke6 46.Rd1 Ra7 47.Rd2 
Ke7 48.f3 Ke6 49.Kf2 g5 50.g4 Ke7 51.Kg2 Ke6 52.Kf2 1/2-1/2

[Event "16th EUR-ch"]
[Site "Jerusalem ISR"]
[Date "2015.03.06"]
[Round "10"]
[White "Sarana, Alexey"]
[Black "Slonimskij, Arkadij"]
[Result "1/2-1/2"]
[WhiteElo "2419"]
[BlackElo "2176"]
[EventDate "2015.02.24"]
[PlyCount "149"]

1.e4 Nf6 2.e5 Nd5 3.d4 d6 4.Nf3 Bg4 5.Be2 c6 6.O-O Bxf3 7.Bxf3 dxe5 8.dxe5
e6 9.b3 Nd7 10.Bb2 Qc7 11.Qe2 Nf4 12.Qe4 Ng6 13.Re1 a5 14.a4 Bb4 15.Na3 
Bxe1 16.Rxe1 Nb6 17.h4 Ne7 18.h5 h6 19.Be2 g6 20.hxg6 Nxg6 21.Bd3 O-O-O 
22.Bc3 Rd5 23.Qe3 Rhd8 24.Nc4 Nxc4 25.bxc4 Rxd3 26.cxd3 c5 27.Rb1 Ne7 28.
Qf3 Nc6 29.Kf1 Qd7 30.Rd1 Nb4 31.Qe3 b6 32.Bxb4 axb4 33.a5 Qa4 34.Ke2 Qxa5
35.Qxh6 Qa2+ 36.Qd2 Qxd2+ 37.Kxd2 Kb7 38.Ra1 b5 39.Rc1 Kb6 40.cxb5 Kxb5 
41.Kc2 Ra8 42.Kb2 Ra3 43.Rd1 Kc6 44.f4 Kd5 45.g4 Kd4 46.g5 Rxd3 47.Rxd3+ 
Kxd3 48.f5 c4 49.fxe6 fxe6 50.g6 c3+ 51.Kc1 b3 52.g7 b2+ 53.Kb1 Kd2 54.
g8=Q c2+ 55.Kxb2 c1=Q+ 56.Ka2 Qc2+ 57.Ka1 Qc3+ 58.Kb1 Qb4+ 59.Ka2 Qa5+ 60.
Kb3 Qb5+ 61.Ka3 Qxe5 62.Qd8+ Ke2 63.Qc8 Qa1+ 64.Kb3 Qb1+ 65.Ka3 Qd3+ 66.
Kb4 Qd4+ 67.Kb3 e5 68.Qh8 Qe3+ 69.Kc2 e4 70.Qe5 Qd3+ 71.Kc1 Qc4+ 72.Kb2 e3
73.Qd6 Qd3 74.Qh2+ Ke1 75.Qh4+ 1/2-1/2

[Event "16th EUR-ch"]
[Site "Jerusalem ISR"]
[Date "2015.03.06"]
[Round "10"]
[White "Drori, Saar"]
[Black "Ben Artzi, Ido"]
[Result "0-1"]
[WhiteElo "2173"]
[BlackElo "2408"]
[EventDate "2015.02.24"]
[PlyCount "132"]

1.e4 e5 2.Nf3 Nc6 3.Bc4 Bc5 4.c3 Nf6 5.d3 a6 6.Bb3 d6 7.O-O Ba7 8.h3 h6 9.
Nbd2 O-O 10.Re1 Re8 11.Nf1 Be6 12.Bc2 d5 13.Qe2 Qd7 14.Kh2 Rad8 15.Ng3 b5 
16.Nh4 Ne7 17.a4 Bb6 18.axb5 axb5 19.Be3 d4 20.Bc1 Ra8 21.Rxa8 Rxa8 22.Rf1
Ra1 23.cxd4 Bxd4 24.Nf3 Nc6 25.Qd2 Qd6 26.Ne2 Bb6 27.Kg1 Nd7 28.b3 Nb4 29.
Nc3 Qc6 30.Bd1 Nxd3 31.Qxd3 Rxc1 32.Nxb5 Kh7 33.Na3 Nc5 34.Qe2 f6 35.b4 
Nxe4 36.Bc2 Rxc2 37.Qxc2 Qxc2 38.Nxc2 Bc4 39.Ra1 Bxf2+ 40.Kh2 Bg3+ 41.Kg1 
Bd3 42.Nce1 Bb5 43.Nc2 Bf2+ 44.Kh2 Ng3 45.Nfe1 e4 46.Ra3 Nf1+ 47.Kh1 f5 
48.Ra1 f4 49.Ra3 Kg6 50.Ra1 Kf6 51.Na3 Be2 52.Nac2 Bb6 53.Ra3 Bc4 54.Ra1 
h5 55.Ra3 g5 56.Ra1 Be2 57.Ra3 Ke5 58.Rb3 Bc4 59.Ra3 g4 60.hxg4 hxg4 61.
Ra8 f3 62.gxf3 exf3 63.Re8+ Kf6 64.Rf8+ Ke7 65.Rf4 Bd5 66.Rf5 Ng3+ 0-1

[Event "16th EUR-ch"]
[Site "Jerusalem ISR"]
[Date "2015.03.06"]
[Round "10"]
[White "Birnboim, Nathan"]
[Black "Gal, Moshe"]
[Result "1-0"]
[WhiteElo "2347"]
[BlackElo "2154"]
[EventDate "2015.02.24"]
[PlyCount "93"]

1.e4 Nf6 2.e5 Nd5 3.Nc3 Nxc3 4.dxc3 d6 5.Bc4 Nc6 6.Nf3 dxe5 7.Qe2 e6 8.
Nxe5 Nxe5 9.Qxe5 Qd6 10.Qe4 f5 11.Qe2 Bd7 12.Bg5 Be7 13.O-O Bxg5 14.Qh5+ 
g6 15.Qxg5 Qe7 16.Qe3 b5 17.Bb3 c5 18.a4 c4 19.Ba2 a6 20.axb5 Bxb5 21.Bxc4
Bxc4 22.Qd4 O-O 23.Qxc4 a5 24.Rfe1 Kf7 25.Re5 Rfd8 26.h4 a4 27.Rae1 Rd6 
28.g3 Qd7 29.Rc5 Ra7 30.Rce5 Rb7 31.Qa2 Rbb6 32.R5e2 Qb5 33.c4 Qxb2 34.
Qxa4 Qb4 35.Qa7+ Rb7 36.c3 Qb6 37.Qa8 Rb8 38.Qf3 Rbd8 39.Qf4 Rd1 40.Qh6 
Kg8 41.h5 gxh5 42.Qg5+ Kf7 43.Qxh5+ Kg7 44.Rxe6 Qxe6 45.Rxd1 Rc8 46.Qg5+ 
Kf7 47.Rd5 1-0